| 000 | 00400cam a2200181ua 4500 | ||
|---|---|---|---|
| 041 |
_ahin _h |
||
| 082 |
_a891.54 _bMUH/VA |
||
| 100 |
_aMuhammad , K J . _95955 |
||
| 245 |
_aVatayan / _cK J Muhammad. _hTextual Documents |
||
| 250 |
_a1 / _b. |
||
| 260 |
_aCalcutta : _bPrachdrath Mudrak , _c1965. |
||
| 300 | _a52 ; . | ||
| 504 | _a | ||
| 942 | _cBK | ||
| 999 |
_c39 _d39 |
||
| 003 | @ | ||
| 003 | OSt | ||